| 000 | 00543nam a22001817a 4500 | ||
|---|---|---|---|
| 005 | 20251108165315.0 | ||
| 008 | 250721s1968 xx 000 0 ara d | ||
| 082 | 1 | 4 | _a956.6/أصف |
| 100 | 1 | _aالأصفهاني، الحسن بن عبد الله | |
| 245 | 1 | 0 | _aبلاد العرب / |
| 264 | 1 |
_aالرياض : _bدار اليمامه، _c1968. |
|
| 300 | _a527ص :فهارس | ||
| 650 | 1 | 7 | _aجزيرة العرب |
| 700 | 1 |
_aالجاسر، حمد _eتحقيق |
|
| 700 | 1 | _aالعلي، صالح | |
| 942 |
_2ddc _cBK |
||
| 999 |
_c24671 _d24671 |
||